00317nam a2200121Ia 4500008004100000020001800041041000800059082002400067100001600091245003600107260004300143300000900186230411s9999 xx 000 0 und d a81-7594-204-5 aeng aAD/610.6/VYA/B05905 aVyas Suresh aEssentials of Health Management bMangal Deep PublicationsaJaipurc2006 a184p